Cattle raisng for draugt power at chhlong district kratie province, (ការចិញ្ចឹមគោជាកំលាំងអូសទាញ នៅស្រុកឆ្លូង ខេត្តក្រចេះ)​ (Record no. 2225)

000 -LEADER
fixed length control field 00588nam a22001577a 4500
003 - CONTROL NUMBER IDENTIFIER
control field OSt
005 - DATE AND TIME OF LATEST TRANSACTION
control field 20151008143746.0
008 - FIXED-LENGTH DATA ELEMENTS--GENERAL INFORMATION
fixed length control field 151008b xxu||||| |||| 00| 0 eng d
040 ## - CATALOGING SOURCE
Transcribing agency RUA
082 ## - DEWEY DECIMAL CLASSIFICATION NUMBER
Classification number AVM NOR 2008 B084 Or.1
100 ## - MAIN ENTRY--PERSONAL NAME
9 (RLIN) 2363
Personal name NOR SENGKEAV
245 ## - TITLE STATEMENT
Title Cattle raisng for draugt power at chhlong district kratie province, (ការចិញ្ចឹមគោជាកំលាំងអូសទាញ នៅស្រុកឆ្លូង ខេត្តក្រចេះ)​
260 ## - PUBLICATION, DISTRIBUTION, ETC. (IMPRINT)
Place of publication, distribution, etc. pnhom penh
Name of publisher, distributor, etc. rua
Date of publication, distribution, etc. 2008
300 ## - PHYSICAL DESCRIPTION
Extent x, 47p.
Other physical details ill.
Dimensions 29cm.
942 ## - ADDED ENTRY ELEMENTS (KOHA)
Source of classification or shelving scheme
Koha item type AVM
Holdings
Price effective from Date last seen Permanent Location Not for loan Date acquired Source of classification or shelving scheme Koha item type Barcode Lost status Damaged status Shelving location Withdrawn status Current Location Full call number
2015-10-082015-10-08Library Block B 2015-10-08 AVMRUA009512  B084 Library Block BAVM NOR 2008 B084 Or.4
2015-10-082015-10-08Library Block B 2015-10-08 AVMRUA009584  B084 Library Block BAVM NOR 2008 B084 Or.5
2015-10-082015-10-08Library Block B 2015-10-08 AVMRUA009494  B084 Library Block BAVM NOR 2008 B084 Or.6
2015-10-082015-10-08Library Block B 2015-10-08 AVMRUA009566  B084 Library Block BAVM NOR 2008 B084 Or.7
2015-10-282015-10-28Library Block B 2015-10-28 AVMRUA025221  B084 Library Block BAVM NOR 2008 B084 Or.3
2015-10-282015-10-28Library Block B 2015-10-28 AVMRUA012064  B084 Library Block BAVM NOR 2008 B084 Or.1
2015-10-282015-10-28Library Block B 2015-10-28 AVMRUA012033  B084 Library Block BAVM NOR 2008 B084 Or.2
2016-02-032016-02-03Library Block B 2016-02-03 AVMRUA41364  B084 Library Block BAVM NOR 2008 B084 Or.8
2019-05-282019-05-28Library Block B 2019-05-28 AVMRUA012121  B1.234 Library Block BAVM NOR 2008 B1.234 Or.1
មជ្ឈមណ្ឌលឯការនៃសាកលវិទ្យាល័យភូមិន្ទកសិកម្មចំការដូង

Powered by Koha